000 004930000a22001690004500
003 MACL
005 20160218161717.0
008 160218b xxu||||| |||| 00| 0 eng d
040 _aMACL
_cMACL
041 _aHindi
082 _a400
100 _aविनाेबा
_937738
245 _aघम्‍मपद्ं
260 _bअखिल भारत सर्व सेवा संध प्रकाशन
_aकाशी
650 _aLanguage
_938952
942 _cHIN
_k400
_2ddc
999 _c25224
_d25224